书目信息 |
| 题名: |
经院辩证法
|
|
| 作者: | 英吉尔比 | |
| 分册: | ||
| 出版信息: | 上海 上海三联书店 2000 |
|
| 页数: | 369页 | |
| 开本: | 20cm | |
| 丛书名: | ||
| 单 册: | ||
| 中图分类: | B503.2 | |
| 科图分类: | ||
| 主题词: | 哲学--欧洲 | |
| 电子资源: | ||
| ISBN: | 7-5426-1345-6 | |
| 000 | 00508nam0 2200181 450 | |
| 001 | 0728815141 | |
| 005 | 20070819080015.14 | |
| 010 | @a7-5426-1345-6@d¥23.00 | |
| 100 | @a20070819d km y0chiy0120 ea | |
| 101 | 0 | @achi |
| 200 | 1 | @a经院辩证法@Ajing yuan bian zheng fa@f[英]吉尔比@F[ying]ji er bi |
| 210 | @a上海@c上海三联书店@d2000 | |
| 215 | @a369页@d20cm | |
| 606 | 0 | @a哲学@x欧洲 |
| 690 | @aB503.2@v3 | |
| 701 | 0 | @a英吉尔比@Aying ji er bi |
| 801 | 0 | @aCN@bPFT@c20070819 |
| 905 | @a213230@dB503.2@eZW170@f1 | |
| 经院辩证法/[英]吉尔比.-上海:上海三联书店,2000 |
| 369页;20cm |
| ISBN 7-5426-1345-6:¥23.00 |
| ● |
| 相关链接 |
|
|
|
|
正题名:经院辩证法
索取号:B503.2/ZW170
 
预约/预借
| 序号 | 登录号 | 条形码 | 馆藏地/架位号 | 状态 | 备注 |
| 1 | 7600299 | 276002996 | 密集书库-文学院/ [索取号:B503.2/ZW170] | 在馆 |